Statistics for London Underground Stations - With Map

Click here to take the quiz!

General Stats

  • This quiz has been taken 15,611 times
    (15,571 since last reset)
  • The average score is 109 of 308

Answer Stats

Station % Correct
Waterloo
80%
King's Cross St. Pancras
79%
Victoria
76%
Heathrow Terminals 1, 2 & 3 ✈
70%
Heathrow Terminal 4 ✈
70%
Heathrow Terminal 5 ✈
70%
Piccadilly Circus
70%
Westminster
68%
Hammersmith
68%
Baker Street
68%
Bank
68%
Oxford Circus
67%
Euston
66%
Paddington
64%
Liverpool Street
64%
Leicester Square
62%
Elephant & Castle
61%
Elephant & Castle
61%
Green Park
60%
Hyde Park Corner
60%
Embankment
59%
London Bridge
59%
Tottenham Court Road
59%
Camden Town
58%
Wimbledon
58%
Charing Cross
57%
Canary Wharf
57%
Covent Garden
57%
Bond Street
56%
South Kensington
55%
Angel
55%
West Ham
54%
Marble Arch
52%
Stratford
52%
Earl's Court
51%
Arsenal
51%
Holborn
51%
Edgware
51%
Brixton
51%
St. Paul's
51%
Aldgate
50%
Cockfosters
50%
Regent's Park
49%
Marylebone
49%
Tower Hill
49%
Blackfriars
48%
Vauxhall
48%
Pimlico
48%
Knightsbridge
48%
Monument
47%
St. James's Park
47%
Greenwich
46%
Ealing Broadway
46%
Notting Hill Gate
46%
Acton Town
46%
Richmond
46%
Shepherd's Bush
45%
East Ham
45%
Sloane Square
45%
Moorgate
44%
Barbican
44%
Temple
44%
Oval
43%
Uxbridge
43%
Euston Square
43%
Morden
43%
Southwark
43%
Farringdon
43%
Watford
43%
Aldgate East
43%
High Street Kensington
43%
Canada Water
43%
Old Street
42%
Finsbury Park
42%
Seven Sisters
42%
Goodge Street
42%
Wembley Park
42%
Warren Street
41%
Epping
41%
Whitechapel
41%
Edgware Road
41%
Russell Square
41%
Chancery Lane
41%
Clapham Common
41%
Mansion House
40%
Upminster
40%
White City
40%
Cannon Street
40%
Ruislip
40%
Gloucester Road
40%
Kennington
40%
Barking
40%
Kew Gardens
39%
Mile End
39%
Swiss Cottage
39%
Mornington Crescent
39%
Hampstead
38%
Amersham
38%
Lancaster Gate
38%
Queensway
38%
Highbury & Islington
38%
Borough
38%
St. John's Wood
38%
Clapham North
38%
Fulham Broadway
38%
Barons Court
38%
Walthamstow
38%
High Barnet
37%
Bethnal Green
37%
Stockwell
37%
Tooting Bec
37%
Leyton
37%
Canning Town
37%
Clapham South
37%
East Acton
37%
Bermondsey
37%
Great Portland Street
37%
Putney Bridge
36%
Lambeth North
36%
West Acton
36%
Queen's Park
36%
West Kensington
36%
Bayswater
36%
North Acton
36%
Chalk Farm
35%
Hounslow West
35%
Kensington (Olympia)
35%
Hounslow East
35%
Tottenham Hale
35%
Maida Vale
35%
Harrow-on-the-Hill
35%
Stanmore
35%
West Ruislip
35%
North Greenwich
35%
Highgate
35%
Leytonstone
34%
Kentish Town
34%
Kilburn
34%
Finchley Road
34%
Golders Green
34%
Tooting Broadway
34%
Wembley Central
34%
East Finchley
34%
Balham
34%
Hounslow Central
34%
Mill Hill East
33%
Chesham
33%
Archway
33%
Holland Park
33%
Turnham Green
32%
Caledonian Road
32%
Arnos Grove
32%
Queensbury
32%
Ealing Common
32%
South Wimbledon
32%
Hainault
32%
South Ealing
32%
Ladbroke Grove
31%
Harrow & Wealdstone
31%
Kingsbury
31%
London City Airport ✈
31%
Finchley Central
31%
Lewisham
31%
Brent Cross
31%
Upton Park
31%
Neasdon
30%
West Hampstead
30%
Belsize Park
30%
Parsons Green
30%
Holloway Road
30%
Wood Green
30%
Bromley-by-Bow
30%
North Ealing
30%
Blackhorse Road
30%
Hatton Cross
30%
Southgate
30%
Shepherd's Bush Market
30%
South Ruislip
30%
Gunnersbury
30%
Royal Oak
30%
Southfields
29%
Osterley
29%
Woolwich Arsenal
29%
Woodford
29%
Rayners Lane
29%
South Harrow
29%
Theydon Bois
29%
West Finchley
29%
Ruislip Gardens
29%
Latimer Road
29%
Dagenham East
29%
North Harrow
29%
Dollis Hill
29%
East Putney
29%
Hillingdon
29%
Manor House
29%
North Wembley
29%
Burnt Oak
29%
Bow Road
29%
Goldhawk Road
28%
Wimbledon Park
28%
Ruislip Manor
28%
Willesden Green
28%
Boston Manor
28%
Colliers Wood
28%
Cutty Sark
28%
Chiswick Park
28%
West Brompton
28%
Stepney Green
28%
Plaistow
28%
Northfields
28%
Pinner
28%
Dagenham Heathway
27%
Tufnell Park
27%
Turnpike Lane
27%
Gants Hill
27%
Grange Hill
27%
South Woodford
27%
Greenford
27%
Wood Lane
27%
Upminster Bridge
27%
Chalfont & Latimer
27%
Willesden Junction
27%
Perivale
27%
Warwick Avenue
27%
Hanger Lane
27%
Colindale
27%
West Harrow
27%
Poplar
27%
Rickmansworth
27%
Ickenham
27%
Redbridge
27%
Mudchute
27%
Limehouse
27%
Ravenscourt Park
27%
Northolt
26%
Oakwood
26%
Chigwell
26%
Park Royal
26%
Loughton
26%
Tower Gateway
26%
Newbury Park
26%
Debden
26%
Sudbury Town
26%
Northwood
26%
Hendon Central
26%
Alperton
26%
Kenton
26%
Shadwell
26%
Kilburn Park
25%
Harlesden
25%
Bounds Green
25%
Barkingside
25%
Totteridge & Whetstone
25%
Canons Park
25%
East India
25%
Hornchurch
25%
Kensal Green
25%
Upney
25%
Croxley
25%
Stratford International
25%
Stamford Brook
25%
West India Quay
24%
Chorleywood
24%
Wanstead
24%
Sudbury Hill
24%
Northwick Park
24%
Fairlop
24%
Eastcote
24%
South Kenton
24%
Snaresbrook
24%
Moor Park
24%
Westbourne Park
24%
Beckton
23%
Northwood Hills
23%
Roding Valley
23%
Elm Park
23%
Preston Road
23%
Buckhurst Hill
23%
Stonebridge Park
23%
Becontree
23%
King George V
22%
Island Gardens
22%
Abbey Road
22%
Bow Church
21%
Westferry
21%
South Quay
21%
Woodside Park
21%
Heron Quays
21%
Stratford High Street
20%
Cyprus
20%
Custom House for ExCeL
20%
Royal Albert
20%
Royal Victoria
20%
Pudding Mill Lane
19%
Crossharbour
19%
Prince Regent
19%
Blackwall
19%
Deptford Bridge
19%
Gallions Reach
18%
Star Lane
18%
All Saints
18%
Beckton Park
17%
Devons Road
17%
Pontoon Dock
17%
Elverson Road
16%
West Silvertown
16%
Langdon Park
15%

Score Distribution

Percentile by Number Answered

Percent of People with Each Score

Your Score History

You have not taken this quiz since the last reset